书目信息 |
| 题名: |
好莱坞首席明星代理人
|
|
| 作者: | 斯雷特, 著 ;李斯 译 | |
| 分册: | ||
| 出版信息: | 海口 海南出版社 2001.08 |
|
| 页数: | 402页, [8] 页图版 | |
| 开本: | 20cm | |
| 丛书名: | ||
| 单 册: | ||
| 中图分类: | K837.125 | |
| 科图分类: | ||
| 主题词: | ||
| 电子资源: | ||
| ISBN: | 7-5443-0100-1 | |
| 000 | 00955nam0 22002537 450 | |
| 001 | 192004002537 | |
| 005 | 20070905155039.71 | |
| 010 | @a7-5443-0100-1@dCNY24.80 | |
| 100 | @a20070601d2001 ekmy0chiy0121 ea | |
| 101 | 1 | @achi@ceng |
| 102 | @aCN@b460000 | |
| 105 | @aaf z 000yb | |
| 200 | 1 | @a好莱坞首席明星代理人@Ahao lai wu shou xi ming xing dai li ren@e迈克尔·奥维茨传@f(美) 罗伯特·斯雷特@g李斯译 |
| 210 | @a海口@c海南出版社@d2001.08 | |
| 215 | @a402页, [8] 页图版@d20cm | |
| 300 | @a其他题名:迈克尔·奥维茨传 | |
| 330 | @a本书讲述了奥维茨在好莱坞历史上壮观的职业生涯中最辉煌灿烂的一章,不仅挖出了他巨大成功后面的原因,而且还向外界公开了娱乐业秘不示人的诡谲勾当。 | |
| 517 | 1 | @a迈克尔·奥维茨传@Amai ke er· ao wei ci chuan |
| 600 | 0 | @a奥维茨,@Aao wei ci@bM.@x传记 |
| 690 | @aK837.125@v4 | |
| 701 | 1 | @a斯雷特,@Asi lei te@bR.@g(Slater, Robert)@e美@4著 |
| 702 | 0 | @a李斯@Ali si@4译 |
| 801 | 0 | @aCN@c20070905 |
| 905 | @dK837.125@eS709 | |
| 好莱坞首席明星代理人:迈克尔·奥维茨传/(美) 罗伯特·斯雷特/李斯译.-海口:海南出版社,2001.08 |
| 402页, [8] 页图版;20cm |
| 其他题名:迈克尔·奥维茨传 |
| ISBN 7-5443-0100-1:CNY24.80 |
| 本书讲述了奥维茨在好莱坞历史上壮观的职业生涯中最辉煌灿烂的一章,不仅挖出了他巨大成功后面的原因,而且还向外界公开了娱乐业秘不示人的诡谲勾当。 |
| ● |
| 相关链接 |
|
|
|
正题名:好莱坞首席明星代理人
索取号:K837.125/S709
 
预约/预借
| 序号 | 登录号 | 条形码 | 馆藏地/架位号 | 状态 | 备注 |
| 1 | 619588 | 206195883 | 社科库309/309社科库 3排3列6层/ [索取号:K837.125/S709] | 在馆 | |
| 2 | 619589 | 206195892 | 社科库309/309社科库 3排3列6层/ [索取号:K837.125/S709] | 在馆 | |
| 3 | 619590 | 206195909 | 社科库309/309社科库 3排3列6层/ [索取号:K837.125/S709] | 在馆 |